00461 2200181 4500245004900000020002200049250001100071100002200082700001700104700001600121650002000137005001900157260003900176041001400215084001000229300003100239336000900270 aMencari Sila KelimacAudrey Yu Jia HuihText a978-602-291-119-7 aCet. 1 aAudrey Yu Jia Hui aIkhdah Henny aEka Saputra aKewarganegaraan a20230124152415 aYogyakartabPenerbit Bentangc2015 aIndonesia a323.6 axxvi, 166 hlm. :c20.5 cm. atext